000 00689nam a2200289Ia 4500
005 20260324123041.0
008 008 260324s9999 xx 000 0 eng d
020 _a9780203098400
037 _aEBOOK
040 _aCRL
040 _beng
040 _cCRL
041 _2eng
041 _aeng
084 _qCRL
100 _aMarian Iszatt-White
_91168834
245 0 _aLeadership as Emotional Labour
245 0 _bManagement and the 'Managed Heart'
260 _bTaylor and Francis
260 _c2012
365 _a
365 _b240
856 _uhttp://www.taylorfrancis.com/books/9780203098400
942 _cEBOOK
999 _c1762013
_d1762013